| 000 | 00504nam a22001457a 4500 | ||
|---|---|---|---|
| 003 | OSt | ||
| 005 | 20150905121224.0 | ||
| 008 | 150905b xxu||||| |||| 00| 0 eng d | ||
| 040 | _cRUA | ||
| 082 | _aAGR ម៉ាន់ 1992 B003 Or.1 | ||
| 100 |
_927 _aម៉ាន់ សុធាវី |
||
| 245 | _aសត្វល្អិត និងជម្ងឹលើដំណាំប៉េងប៉ោះ ក្នុងខេត្តកណ្ដាល | ||
| 300 |
_a87p. _bill. _c29cm. |
||
| 942 |
_2ddc _cAGR |
||
| 999 |
_c26 _d26 |
||